عرض عادي
عرض مارك
- السوق الدولية
دخول Topical Term
001 - CONTROL NUMBER
- control field: 28467
003 - CONTROL NUMBER IDENTIFIER
- control field: AE-AdECS
005 - DATE AND TIME OF LATEST TRANSACTION
- control field: 20260409145429.0
008 - FIXED-LENGTH DATA ELEMENTS
- fixed length control field: 260409|| aca||aabn | a|a d
040 ## - CATALOGING SOURCE
- Original cataloging agency: AE-AdECS
- Transcribing agency: AE-AdECS
150 ## - HEADING--TOPICAL TERM
- Topical term or geographic name entry element: السوق الدولية
- General subdivision: خصائص
670 ## - SOURCE DATA FOUND
- Source citation: Work cat.: (AE-AdECS)294677: الخضر، علي إبراهيم مؤلف. 28464, إدارة الأعمال الدولية /
